000 00307nam a2200109 4500
008 160629b xxu||||| |||| 00| 0 eng d
100 _91361
_a Ball, J., et al
245 _aYoung Discoverer Series - Plants
260 _aMumbai
_b Popular
_c2005
300 _aYoung Discoverer Series - Plants
942 _2ddc
_cBK
999 _c1120
_d1120